Chimie 1re année PCSI : (Record no. 55998)
[ view plain ]
| 000 -LEADER | |
|---|---|
| fixed length control field | 00666nam a22002177a 4500 |
| 007 - PHYSICAL DESCRIPTION FIXED FIELD--GENERAL INFORMATION | |
| fixed length control field | 00 |
| 008 - FIXED-LENGTH DATA ELEMENTS--GENERAL INFORMATION | |
| fixed length control field | 170227b xxu||||| |||| 00| 0 eng d |
| 020 ## - INTERNATIONAL STANDARD BOOK NUMBER | |
| International Standard Book Number | 978-2-10-051184-6 |
| 040 ## - CATALOGING SOURCE | |
| Original cataloging agency | BUAC |
| Transcribing agency | BUC |
| 041 ## - LANGUAGE CODE | |
| Language code of text/sound track or separate title | Fre. |
| 100 ## - MAIN ENTRY--PERSONAL NAME | |
| Personal name | FOSSET, Bruno |
| 9 (RLIN) | 23261 |
| 245 ## - TITLE STATEMENT | |
| Title | Chimie 1re année PCSI : |
| Remainder of title | Exercices et problèmes corrigés |
| Statement of responsibility, etc | / par Bruno Fosset, Jean-Bernard Baudin, Frédéric Lahitète |
| 260 ## - PUBLICATION, DISTRIBUTION, ETC. (IMPRINT) | |
| Place of publication, distribution, etc | Paris : |
| Name of publisher, distributor, etc | Dunod , |
| Date of publication, distribution, etc | 2007. |
| 300 ## - PHYSICAL DESCRIPTION | |
| Extent | VII-363 p. |
| Dimensions | 24 cm. |
| Other physical details | couv. en coul. ; |
| 440 ## - SERIES STATEMENT/ADDED ENTRY--TITLE | |
| Title | (J'intègre) |
| 630 ## - SUBJECT ADDED ENTRY--UNIFORM TITLE | |
| Uniform title | SCIENCES EXACTES |
| 650 ## - SUBJECT ADDED ENTRY--TOPICAL TERM | |
| Topical term or geographic name as entry element | Chimie |
| 700 ## - ADDED ENTRY--PERSONAL NAME | |
| Personal name | BAUDIN, Jean-Bernard |
| 700 ## - ADDED ENTRY--PERSONAL NAME | |
| Personal name | LAHITETE, Frédéric |
| 942 ## - ADDED ENTRY ELEMENTS (KOHA) | |
| Item type | Libre Accès |
| Withdrawn status | Lost status | Damaged status | Not for loan | Location (home branch) | Sublocation or collection (holding branch) | Shelving location | Date acquired | Source of acquisition | Coded location qualifier | Koha issues (times borrowed) | Koha full call number | Piece designation (barcode) | Koha date last seen | Copy number | Price effective from | Koha item type |
|---|---|---|---|---|---|---|---|---|---|---|---|---|---|---|---|---|
| Bibliothèque Universitaire Centrale | Bibliothèque Universitaire Centrale | 28/10/2016 | Don ABAR | 16/1341 | 54 FOS | 16-1341Buc | 27/02/2017 | 1 | 27/02/2017 | Libre Accès | ||||||
| Bibliothèque Universitaire Centrale | Bibliothèque Universitaire Centrale | 28/10/2016 | Don ABAR | 16/1342 | 54 FOS | 16-1342Buc | 27/02/2017 | 2 | 27/02/2017 | Libre Accès | ||||||
| Bibliothèque Universitaire Centrale | Bibliothèque Universitaire Centrale | 28/10/2016 | Don ABAR | 16-1753 | 540 (076.2) FOS | 16-1753Buc | 24/07/2017 | 3 | 27/02/2017 | Livre |